• 首页
  • 本馆介绍
  • 公告通知
  • 最新文献
  • 馆藏检索
  • 电子资源
  • 读者导购
  • 参考咨询
  • 我的图书馆
  • 登录
  • 详细信息显示
  • 放入我的书架
  • 预约/预借图书
  • 作者相关作品
  • 分类相关作品
  • 丛书相关作品
  • 出版社相关作品

书目信息

  • 表格格式
  • 工作单格式
  • 卡片格式
题名:
中西历史文化概要
    
 
作者: 张有智 , 徐跃勤 主编
分册:  
出版信息: 北京   北京师范大学出版社  2008
页数: 418页
开本: 23cm
丛书名:
单 册:
中图分类: K203 , K500.3
科图分类:
主题词: 文化史--对比研究--中国--西方国家 , 文化史 , 对比研究
电子资源:
ISBN: 978-7-303-09442-4
000 01180nam0 2200301 45
001 1029820003
005 20100429090939.28
010    @a978-7-303-09442-4@dCNY42.00
100    @a20100419d2008 em y0chiy50 ea
101 0  @achi
102    @aCN@b110000
105    @ay z 000yy
106    @ar
200 1  @a中西历史文化概要@AZhong Xi Li Shi Wen Hua Gai Yao@f张有智,徐跃勤主编 @FZhang You Zhi, Xu Yue Qin Zhu Bian
210    @a北京@c北京师范大学出版社@d2008
215    @a418页@d23cm
300    @a新世纪高等学校教材 大学公共课教材
320    @a有书目(第413-416页)
330    @a本书分为上、下两篇。 上篇中国历史文化, 包括史前文明、先秦历史文化、秦汉历史文化、魏晋南北朝历史文化、隋唐五代历史文化、明清历史文化、近现代历史文化。 下篇西方历史文化, 包括西方历史文化的源头、古代希腊与罗马文化、中世纪的基督教、转型时期的西方历史文化、马克思主义的创立、20世纪西方文化。
606 0  @a文化史@x对比研究@y中国@z西方国家
606 0  @a文化史
606 0  @a对比研究
690    @aK203@v4
690    @aK500.3@v4
701  0 @a张有智@AZhang You Zhi@4主编
701  0 @a徐跃勤@AXu Yue Qin@4主编
801  0 @aCN@bTANGWEI@c20100429
905    @b0592654-58@dK203@e132@f5
    
    中西历史文化概要/张有智,徐跃勤主编 .-北京:北京师范大学出版社,2008
    418页;23cm
    新世纪高等学校教材 大学公共课教材
    
    ISBN 978-7-303-09442-4:CNY42.00
    本书分为上、下两篇。 上篇中国历史文化, 包括史前文明、先秦历史文化、秦汉历史文化、魏晋南北朝历史文化、隋唐五代历史文化、明清历史文化、近现代历史文化。 下篇西方历史文化, 包括西方历史文化的源头、古代希腊与罗马文化、中世纪的基督教、转型时期的西方历史文化、马克思主义的创立、20世纪西方文化。
●
相关链接 在E读中查询图书 在五车中查询图书 在当当中查询图书 在豆瓣中查询图书


正题名:中西历史文化概要     索取号:K203/132         预约/预借

序号 登录号 条形码 馆藏地/架位号 状态 备注
1 0592654   205926541   第二样本阅览室/ [索取号:K203/132] 在馆    
2 0592655   205926550   第二借阅区/ [索取号:K203/132] 在馆    
3 0592656   205926569   第二借阅区/ [索取号:K203/132] 在馆    
4 0592657   205926578   第二借阅区/ [索取号:K203/132] 在馆    
5 0592658   205926587   第二借阅区/ [索取号:K203/132] 在馆    
唐山师范学院图书馆 欢迎您!
大连网信软件有限公司© 版权所有